000
002750000a22000970004500
100
1
_a
Hoop, Raymond de
245
1
0
_a
The testament of David : A response to W.T. Koopmans
300
_a
Vol. 45, Num. 2 (Abril, 1995), Páginas 270-278
773
0
_t
Vetus Testamentum
942
_c
ANA
999
_c
57995
_d
57995